Sampdoria Squad 2018-2019 - Statistics

General Stats
  • This quiz has been taken 22 times
  • The average score is 16 of 26
Answer Stats
Ruolo Giocatore Nazionalità % Correct
CM Karol Linetty Poland
100%
CB Omar Colley Gambia
94%
GK Emil Audero Italy
88%
CM Albin Ekdal Sweden
81%
ST Dawid Kownacki Poland
81%
CM Jakub Jankto Czech Rep
81%
LB Nicola Murru Italy
81%
RB Bartosz Bereszyński Poland
75%
ST Fabio Quagliarella Italy
75%
CAM Gastón Ramírez Uruguay
75%
ST Grégoire Defrel France
75%
CM Dennis Praet Belgium
69%
CB Joachim Andersen Denmark
69%
CM Ronaldo Vieira England
69%
CM Édgar Barreto Paraguay
56%
CB Lorenzo Tonelli Italy
56%
GK Vid Belec Slovenia
50%
CAM Riccardo Saponara Italy
44%
CB Alex Ferrari Italy
38%
ST Gianluca Caprari Italy
38%
RB Jacopo Sala Italy
38%
GK Rafael Brazil
38%
CB Vasco Regini Italy
38%
LB Júnior Tavares Brazil
19%
RB Gabriele Rolando Italy
13%
CB Maxime Leverbe France
13%
No matching quizzes found
Score Distribution
Percent of People with Each Score
Percentile by Number Answered
Your Score History
You have not taken this quiz